| 000 -LEADER | |
|---|---|
| fixed length control field | 02384nam a22002297a 4500 |
| 005 - DATE AND TIME OF LATEST TRANSACTION | |
| control field | 20250420134812.0 |
| 008 - FIXED-LENGTH DATA ELEMENTS--GENERAL INFORMATION | |
| fixed length control field | 200721b ||||| |||| 00| 0 eng d |
| 020 ## - INTERNATIONAL STANDARD BOOK NUMBER | |
| International Standard Book Number | 9781475775006 |
| 040 ## - CATALOGING SOURCE | |
| Transcribing agency | KCST |
| 082 ## - DEWEY DECIMAL CLASSIFICATION NUMBER | |
| Classification number | 621.3815 |
| Item number | Ra Mu |
| 100 ## - MAIN ENTRY--PERSONAL NAME | |
| Personal name | Rategh, Hamid R. |
| 9 (RLIN) | 4640 |
| 245 ## - TITLE STATEMENT | |
| Title | Multi-GHz frequency synthesis & division |
| Remainder of title | frequency synthesizer design for 5 GHz wireless LAN systems / |
| Statement of responsibility, etc. | Hamid R Rategh; Thomas H Lee |
| 260 ## - PUBLICATION, DISTRIBUTION, ETC. | |
| Place of publication, distribution, etc. | Boston: |
| Name of publisher, distributor, etc. | Springer, |
| Date of publication, distribution, etc. | 2001. |
| 300 ## - PHYSICAL DESCRIPTION | |
| Extent | xviii, 148 pages : |
| Other physical details | illustrations ; |
| Dimensions | 25 cm. |
| 505 ## - FORMATTED CONTENTS NOTE | |
| Formatted contents note | 1.1 Organization 2 --<br/>2. Wireless Local Area Networks 5 --<br/>2.1 Wireless LAN standards 6 --<br/>2.2 Wireless LAN transceivers 9 --<br/>3. Frequency Synthesizers 13 --<br/>3.1 Phase-locked loops 13 --<br/>3.2 Linearized PLL models 18 --<br/>3.2.1 First order PLL 19 --<br/>3.2.2 Second order PLL 20 --<br/>3.2.3 Third order PLL 23 --<br/>3.2.4 Fourth order PLL 30 --<br/>3.3 Noise in phase-locked loops 37 --<br/>4. Frequency Dividers 41 --<br/>4.1 Digital frequency dividers 41 --<br/>4.2 Analog frequency dividers 48 --<br/>4.3 Injection-locked frequency dividers 51 --<br/>4.3.1 Model for injection-locked frequency dividers 52 --<br/>4.3.1.1 Divide-by-two ILFDs with third and fourth order nonlinear functions 55 --<br/>4.3.2 Tracking injection-locked frequency dividers 58 --<br/>4.3.3 Noise in injection-locked frequency dividers 58 --<br/>5. Experimental Injection-Locked Frequency Dividers 65 --<br/>5.1 Circuit topologies 65 --<br/>5.2 Measurement Results 69 --<br/>5.2.1 Single-ended ILFD 69 --<br/>5.2.2 Differential tracking ILFD 73 --<br/>5.2.3 Noise transfer function 79 --<br/>6. An Experimental 5GHZ Frequency Synthesizer 83 --<br/>6.1 Proposed synthesizer architecture 85 --<br/>6.2 Synthesizer building blocks 86 --<br/>6.2.1 Voltage-controlled oscillator 86 --<br/>6.2.2 Injection-locked frequency divider 90 --<br/>6.2.3 Programmable frequency divider ([divide]M) 91 --<br/>6.2.4 Phase/frequency detector 95 --<br/>6.2.5 Charge pump and Loop filter 97 --<br/>6.3 Measurement Results 99 --<br/>7.1 Future work 110 --<br/>2D Fourier series expansion of an ILFD nonlinear function 113 --<br/>Input-output phase difference in an ILFD 115 --<br/>Polynomial approximation of an oscillator nonlinearity 119 --<br/>On-chip spiral inductors 123. |
| 650 ## - SUBJECT ADDED ENTRY--TOPICAL TERM | |
| Topical term or geographic name entry element | Frequency synthesizers. |
| 9 (RLIN) | 4641 |
| 650 ## - SUBJECT ADDED ENTRY--TOPICAL TERM | |
| Topical term or geographic name entry element | Wireless communication systems |
| General subdivision | Equipment and supplies. |
| 9 (RLIN) | 4642 |
| 650 ## - SUBJECT ADDED ENTRY--TOPICAL TERM | |
| Topical term or geographic name entry element | Radio frequency oscillators. |
| 9 (RLIN) | 1418 |
| 700 ## - ADDED ENTRY--PERSONAL NAME | |
| Personal name | Lee, Thomas H. |
| 9 (RLIN) | 4643 |
| 942 ## - ADDED ENTRY ELEMENTS (KOHA) | |
| Koha item type | Book |
| 942 ## - ADDED ENTRY ELEMENTS (KOHA) | |
| Source of classification or shelving scheme | Dewey Decimal Classification |
| Withdrawn status | Lost status | Source of classification or shelving scheme | Damaged status | Not for loan | Home library | Current library | Date acquired | Cost, normal purchase price | Total checkouts | Full call number | Barcode | Date last seen | Price effective from | Koha item type |
|---|---|---|---|---|---|---|---|---|---|---|---|---|---|---|
| Dewey Decimal Classification | KCST Library | KCST Library | 21/07/2020 | 36.16 | 621.3815 Ra Mu | 1000000332 | 21/07/2020 | 21/07/2020 | Book |